| 000 | 00716nam a22002177a 4500 | ||
|---|---|---|---|
| 999 |
_c11212 _d11212 |
||
| 003 | AR-CdUCM | ||
| 008 | 190403b ||||| |||| 00| 0 spa d | ||
| 040 |
_aMUNICIPALIDAD PROVINCIAL DEL CUSCO _cBIBLIOTECA MUNICIPAL DEL CUSCO |
||
| 082 |
_aEP / 372.036 / _bL59 |
||
| 110 |
_aEditorial bruño _928389 |
||
| 245 |
_aSaber enciclopedia escolar : _b2do. grado de educación primaria / |
||
| 260 |
_aLima : _bBruño, _c1996. |
||
| 300 |
_a399 paginas ; _bilustraciones, graficos, dibujos, retratos, _c24 cm. |
||
| 500 | _aEnciclopedia escolar | ||
| 650 |
_aEnciclopedia _918075 |
||
| 650 |
_aEscolar _94628 |
||
| 650 |
_aLiteratura _983 |
||
| 650 |
_aTexto de Estudio _928390 |
||
| 942 |
_2ddc _cLIBROS |
||
| 945 | _apjha | ||